000 00427cam a2200181 4500
001 D2534
008 090401t1979 xxu||||| |||| 00| 0 eng d
035 _a(Sirsi) u69476
041 _aeng
050 _a692.80973
100 _aCollier, Keith
245 _aConstruction contracts
260 _aReston, Virginia
_bReston Publishing Co
_c1979
300 _ax. 342p. 24cm
350 _a0
942 _n0
948 _c04/03/1997
999 _c95201
_d95201